000 02713cam a22004574i 4500
003 PE-LiUPU
005 20250731184057.0
008 170614s2017 sp a rb 000 0 esp d
020 _a6073236867
020 _a9786073236867
035 _a(Sirsi) a204372
040 _aPE-LiUPU
_bspa
_cPE-LiUPU
_erda
049 _aPRUA
082 0 4 _a808.027
_bG69
_220
082 0 4 _a001.8
_bG71 2017
100 1 _aGonzález García, Juana María,
_eautor.
245 1 0 _aCómo escribir y publicar un artículo científico /
_cJuana María González García, Ana León Mejía, Mercedes Peñalba Sotorrío.
264 1 _aMadrid :
_bSíntesis,
_c2017.
300 _a195 páginas :
_bilustraciones ;
_c23 centimetros
336 _atext
_2rdacontent
337 _aunmediated
_2rdamedia
338 _avolume
_2rdacarrier
504 _aBibliografía : páginas 195.
505 0 _aDe la universidad a la investigación: primeros pasos y por qué publicar -- Los artículos cientificos y la revisión por partes: que necesitas saber -- La estructura típica de un artículo científico -- Consejo I: cómo abordar las partes más importantes del artículo científico -- Consejo II: cómo hacer una revisión bibliografica eficaz -- Consejo III: pautas para usar el lenguaje científico y conseguir que el texto fluya -- Consejo IV: apliccaciones 2.0 para agilizar el proceso de escritura y publicación -- Cómo publicar un artículo -- Cómo afrontar el resultado de la evaluación.
526 _aP145
526 _aP127
526 _aP97
526 _aP14
526 _aP07
650 0 4 _aRedacción de escritos técnicos.
_9889
910 _ajck
_bjvq
_cjpc
_d20170614
942 _2ddc
_cBOOK
949 _a808.027 G69
_wDEWEY
_c1
_i76222
_lCATALOGING
_mBUL
_p27.00
_r0
_sY
_tBOOK
_u2017-06-14
_xFCE
_PP04
_0COMPRA
_o.CIRCNOTE. El documento es de alto precio.
_o.STAFF. Colección Ciencias Empresariales
949 _a001.8 G71 2017
_wDEWEY
_c1
_iFJ08394
_lCCODEBUJ1
_mBUJ
_p26.00
_r0
_sY
_tBOOK
_u2018-03-26
_xFCE
_PP04
_0COMPRA
_o.STAFF. Colección General Juliaca
994 _aC0
_bPEPRU
596 _a1 3
999 _a808.027 G69
_wDEWEY
_c20736
_i76222
_d20736
_e2022-5-25
_f2021-11-5
_g5
_lCCODEBUL1
_mBUL
_n11
_p27.00
_q1
_r0
_sY
_tBOOK
_u2017-6-14
_xBIBLIOTECA
_PP04
_0COMPRA
_o.STAFF. Colección Ciencias Empresariales
999 _a001.8 G71 2017
_wDEWEY
_c1
_iFJ08394
_d2019-7-3
_e2018-8-15
_f2021-12-27
_g4
_lCCODEBUJ1
_mBUJ
_n9
_p26.00
_q8
_r0
_sY
_tBOOK
_u2017-7-31
_xEDUCACION
_PP14
_0COMPRA
_o.STAFF. Colección General Juliaca
980 _81
_gALBERTO SANCHEZ Responsable de Automatización